Thực trạng ứng dụng toán học trong dạy học toán cao cấp ở các trường cao đẳng, đại học

Bewaard in:
Bibliografische gegevens
Hoofdauteur: Nguyễn, Ngọc Anh
Andere auteurs: Trần, Thanh Nga
Formaat: Boek
Taal:Undetermined
Onderwerpen:
Online toegang:http://lrc.tdmu.edu.vn/opac/search/detail.asp?aID=2&ID=20986
Tags: Voeg label toe
Geen labels, Wees de eerste die dit record labelt!
Thư viện lưu trữ: Trung tâm Học liệu Trường Đại học Thủ Dầu Một
LEADER 00797nam a2200157Ia 4500
001 TDMU_20986
008 210410s9999 xx 000 0 und d
082 |a 378 
100 |a Nguyễn, Ngọc Anh 
245 0 |a Thực trạng ứng dụng toán học trong dạy học toán cao cấp ở các trường cao đẳng, đại học 
245 0 |c Nguyễn Ngọc Anh, Trần Thanh Nga 
300 |a Tr.34-37 
650 |a Toán học; Ứng dụng toán học; Toán cao cấp; Dạy học; Giáo dục đại học  |x Phương pháp dạy học  |x Ứng dụng toán học  |x Toán cao cấp 
700 |a Trần, Thanh Nga 
856 |u http://lrc.tdmu.edu.vn/opac/search/detail.asp?aID=2&ID=20986 
980 |a Trung tâm Học liệu Trường Đại học Thủ Dầu Một